[Event "International Tournament "]
[Site "Pool "]
[Date "2022.07.09"]
[Round "3.67"]
[White "Bazyrtsyrenov, Kirill"]
[Black "Zheng, Harry Z"]
[Result "1/2-1/2"]
[WhiteElo "2147"]
[BlackElo "1946"]
[PlyCount "119"]
[EventDate "2022.07.08"]

1. e4 e5 2. Nf3 Nc6 3. Bc4 Bc5 4. O-O Nf6 5. d4 Bxd4 6. Nxd4 Nxd4 7. f4 d6 8.
fxe5 dxe5 9. Bg5 Be6 10. Na3 Bxc4 11. Bxf6 gxf6 12. Nxc4 Nc6 13. Qf3 Qd4+ 14.
Ne3 O-O-O 15. c3 Qc5 16. Kh1 Ne7 17. Ng4 Ng6 18. Nxf6 b6 19. Rad1 Qc4 20. Nd5
Rhf8 21. b3 Qc6 22. c4 Kb7 23. b4 Nf4 24. c5 f5 25. Nc3 fxe4 26. Nxe4 Nd5 27.
Qb3 Rxf1+ 28. Rxf1 Nxb4 29. Ng5 Rd4 30. Nf3 Rf4 31. cxb6 axb6 32. Re1 Qc4 33.
Qxc4 Rxc4 34. Nxe5 Rc3 35. a4 Nd3 36. Nxd3 Rxd3 37. Kg1 Rd7 38. Kf2 c5 39. Re4
Ka6 40. Ke3 b5 41. axb5+ Kxb5 42. Re8 Kb4 43. Rc8 c4 44. g4 Kb3 45. h4 c3 46.
g5 c2 47. h5 Rd5 48. g6 Rxh5 49. g7 Rg5 50. Kd2 Rd5+ 51. Ke2 Rg5 52. Kd2 Rxg7
53. Rb8+ Kc4 54. Kxc2 Rg2+ 55. Kd1 h5 56. Ke1 Kd3 57. Kf1 Rg5 58. Kf2 Ke4 59.
Rb4+ Kf5 60. Rb5+ 1/2-1/2

[Event "International Tournament "]
[Site "Pool "]
[Date "2022.07.09"]
[Round "3.68"]
[White "Zhdanov, Petr"]
[Black "Harikrishnan.A.Ra"]
[Result "0-1"]
[WhiteElo "1919"]
[BlackElo "2396"]
[PlyCount "96"]
[EventDate "2022.07.08"]

1. e4 e6 2. d4 d5 3. Nc3 Nf6 4. e5 Nfd7 5. f4 c5 6. Nf3 Nc6 7. Be3 a6 8. Qd2 b5
9. a3 Qb6 10. Ne2 b4 11. axb4 cxb4 12. Ng3 g6 13. h4 h5 14. Bd3 a5 15. O-O Ba6
16. Ng5 Bxd3 17. Qxd3 Qa6 18. Qd1 Nb6 19. f5 exf5 20. Qf3 Qc8 21. Rae1 Be7 22.
Ne2 Nd8 23. Nf4 Bxg5 24. hxg5 Qc6 25. e6 Nxe6 26. Bf2 O-O-O 27. Nxe6 fxe6 28.
b3 Kb7 29. Re2 Rhe8 30. Rfe1 Rc8 31. Bg3 Qd7 32. Qf4 Rc6 33. Ra1 Ra8 34. Qe5
Qf7 35. Be1 Nd7 36. Qe3 Raa6 37. Qd3 Qe7 38. Bd2 Rcb6 39. c3 bxc3 40. Qxc3 Qb4
41. Qf3 Qxb3 42. Re3 Qc2 43. Bxa5 Qb2 44. Rea3 Qxd4+ 45. Kh2 Ne5 46. Qg3 h4 47.
Qe1 Rb2 48. Kh1 Nd3 0-1

[Event "International Tournament "]
[Site "Pool "]
[Date "2022.07.09"]
[Round "3.69"]
[White "Ignat, Matei-Marius"]
[Black "Pasti, Aron"]
[Result "0-1"]
[WhiteElo "2055"]
[BlackElo "2365"]
[Annotator "Balkanchess"]
[PlyCount "28"]
[EventDate "2022.07.08"]

1. e4 c5 2. Nf3 e6 3. b3 d6 4. Bb2 Nf6 5. e5 dxe5 6. Nxe5 Be7 7. Bd3 O-O 8. O-O
Qc7 9. f4 Nc6 10. Qf3 Nb4 11. Nc3 Nxd3 12. Qxd3 a6 13. Qg3 b5 14. d3 Ne8 {...38
} 0-1

[Event "International Tournament "]
[Site "Pool "]
[Date "2022.07.09"]
[Round "3.70"]
[White "Csernyik, Mark"]
[Black "Martic, Ivan"]
[Result "0-1"]
[WhiteElo "2022"]
[BlackElo "2300"]
[PlyCount "78"]
[EventDate "2022.07.08"]

1. e4 c5 2. Nf3 Nf6 3. e5 Nd5 4. Nc3 Nxc3 5. dxc3 Nc6 6. Bc4 e6 7. Bf4 Qb6 8.
b3 Qc7 9. Qd2 h6 10. Bg3 b6 11. O-O Bb7 12. a4 a6 13. Qe2 Ne7 14. Bd3 Nd5 15.
c4 Nb4 16. Be4 Be7 17. Rad1 O-O 18. c3 Bxe4 19. Qxe4 Nc6 20. Rd3 Rad8 21. Rfd1
Na5 22. Nd2 d5 23. cxd5 Rxd5 24. Rxd5 exd5 25. Qxd5 Rd8 26. Qf3 Qd7 27. Bf4
Nxb3 28. Kf1 Qxa4 29. Nxb3 Rxd1+ 30. Qxd1 c4 31. Qd4 Qxb3 32. g3 Bc5 33. Qd8+
Kh7 34. Qd5 Qc2 35. Kg2 Qxf2+ 36. Kh3 Qf1+ 37. Kg4 h5+ 38. Kh4 Be7+ 39. Bg5 Qf5
0-1

[Event "International Tournament "]
[Site "Pool "]
[Date "2022.07.09"]
[Round "3.71"]
[White "Nurmanova, Alua"]
[Black "Gordon, Evgeny"]
[Result "1/2-1/2"]
[WhiteElo "2275"]
[BlackElo "2009"]
[PlyCount "60"]
[EventDate "2022.07.08"]

1. e4 e6 2. d4 d5 3. Nc3 Bb4 4. e5 c5 5. a3 Ba5 6. b4 cxd4 7. Nb5 Bc7 8. f4 Ne7
9. Nf3 Nbc6 10. Bd3 Nf5 11. Bb2 Bb8 12. Bxf5 exf5 13. Nbxd4 Nxd4 14. Bxd4 O-O
15. O-O Be6 16. Qd2 Qd7 17. a4 Rc8 18. c3 Bc7 19. a5 b6 20. a6 Bd8 21. Ra3 Be7
22. Bf2 Rc4 23. Nd4 Rac8 24. h3 g6 25. Kh1 Qc7 26. Be1 Qd7 27. Rg1 h5 28. Rf1
Kg7 29. Rf3 Kh8 30. Ra2 Kg7 1/2-1/2

[Event "International Tournament "]
[Site "Pool "]
[Date "2022.07.09"]
[Round "3.72"]
[White "Gavrilov, Maxim"]
[Black "Niharika, Ch"]
[Result "0-1"]
[WhiteElo "2216"]
[BlackElo "1988"]
[PlyCount "128"]
[EventDate "2022.07.08"]

1. d4 Nf6 2. c4 e6 3. Nc3 Bb4 4. e3 b6 5. f3 Bb7 6. Bd3 Bxc3+ 7. bxc3 d6 8. e4
Nbd7 9. Ne2 O-O 10. O-O e5 11. Be3 Qe7 12. Ng3 g6 13. Qd2 Rfe8 14. Rae1 h5 15.
Bg5 Qf8 16. f4 Nh7 17. fxe5 dxe5 18. Bh6 Qe7 19. c5 f6 20. cxb6 axb6 21. Bc4+
Kh8 22. h4 Ba6 23. Qd3 Bxc4 24. Qxc4 Ra7 25. Rf2 Qe6 26. Qd3 Rea8 27. Ree2 exd4
28. Qxd4 Ne5 29. Bf4 Ng4 30. Rf1 Nf8 31. Rd1 c5 32. Qd5 Rd7 33. Qxa8 Rxd1+ 34.
Nf1 Kg8 35. Rd2 Rxd2 36. Nxd2 Kf7 37. Kf1 Nd7 38. Qb7 Ke7 39. a4 Nge5 40. Qd5
Qxd5 41. exd5 c4 42. Ke2 Kd6 43. Nxc4+ Kxd5 44. Nxe5 fxe5 45. Be3 Kc4 46. Kd2
Kb3 47. Kd3 Kxa4 48. Kc4 b5+ 49. Kd5 Kb3 50. Bd2 Kc2 51. Be1 Kd1 52. Bg3 Kd2
53. Kc6 Kxc3 54. Kxb5 Kd4 55. Kc6 Nf6 56. Bf2+ Ke4 57. Kd6 Ng4 58. Bg3 Kf5 59.
Be1 Ne3 60. g3 e4 61. Kc5 Nc2 62. Bc3 e3 63. Kc4 Ke4 64. Kb3 Kd3 0-1

[Event "International Tournament "]
[Site "Pool "]
[Date "2022.07.09"]
[Round "3.73"]
[White "Vaibhav, Jayant Raut"]
[Black "Randjelovic, Nenad"]
[Result "1-0"]
[WhiteElo "2169"]
[BlackElo "1925"]
[PlyCount "69"]
[EventDate "2022.07.08"]

1. c4 Nf6 2. g3 g6 3. Bg2 Bg7 4. Nc3 O-O 5. d3 d6 6. e4 Nc6 7. Nge2 a6 8. h3
Rb8 9. a4 a5 10. Be3 Nb4 11. Qd2 c6 12. O-O Nd7 13. f4 Nc5 14. Nc1 f5 15. e5
Nca6 16. exd6 exd6 17. d4 d5 18. cxd5 cxd5 19. Nd3 Be6 20. Ne5 Rc8 21. Rac1 Nc7
22. Bf2 Bd7 23. Rfe1 Bc6 24. Re2 Ne8 25. Qd1 Nf6 26. Qb3 Rc7 27. g4 Kh8 28. Bh4
fxg4 29. hxg4 Qd6 30. Rf1 Nd7 31. Be7 Qxe7 32. Nxg6+ hxg6 33. Rxe7 Bxd4+ 34.
Kh2 Nc5 35. Qd1 1-0

[Event "International Tournament "]
[Site "Pool "]
[Date "2022.07.09"]
[Round "3.74"]
[White "Cuzovic, Ognjen"]
[Black "Bozinovic, Bogdan"]
[Result "0-1"]
[WhiteElo "1987"]
[BlackElo "2165"]
[PlyCount "154"]
[EventDate "2022.07.08"]

1. d4 d5 2. Nf3 Nf6 3. e3 c5 4. c3 Qc7 5. Bd3 Nc6 6. Nbd2 Bg4 7. O-O e6 8. h3
Bh5 9. dxc5 Bxc5 10. e4 O-O 11. exd5 exd5 12. Qc2 Rfe8 13. Nb3 Bb6 14. Nfd4
Nxd4 15. Nxd4 Bxd4 16. cxd4 Qxc2 17. Bxc2 Rac8 18. Bb3 Be2 19. Re1 Bc4 20.
Rxe8+ Rxe8 21. Bd2 Re2 22. Bc3 Bxb3 23. axb3 a6 24. b4 Re6 25. b5 h6 26. Ra5
Kf8 27. bxa6 Rxa6 28. Rc5 Rc6 29. Rb5 b6 30. Kf1 Ke7 31. Ke2 Ke6 32. Rb3 Ne4
33. Ra3 h5 34. Ke3 Kf5 35. f3 Nd6 36. Ra7 Ke6 37. Kf4 Nb5 38. Rb7 Kf6 39. g4
g5+ 40. Ke3 hxg4 41. hxg4 Nxc3 42. bxc3 Rxc3+ 43. Ke2 Rc6 44. Ke3 Rd6 45. f4
Re6+ 46. Kf3 gxf4 47. Kxf4 Re4+ 48. Kf3 Rxd4 49. Rxb6+ Kg5 50. Rd6 Rf4+ 51. Ke3
d4+ 52. Kd3 Kxg4 53. Rd8 f5 54. Rg8+ Kf3 55. Rf8 Kg3 56. Rf7 Kg4 57. Rg7+ Kh5
58. Rg8 Rg4 59. Rf8 Kg5 60. Rg8+ Kf4 61. Rf8 Rg1 62. Kd2 Rg3 63. Rd8 Ke4 64.
Re8+ Kf3 65. Rd8 Rg4 66. Kd3 Rg1 67. Kd2 Rg2+ 68. Kd3 Re2 69. Rxd4 Re8 70. Rd7
f4 71. Kd2 Kf2 72. Rd5 f3 73. Rd6 Kf1 74. Rf6 f2 75. Rf7 Rd8+ 76. Kc2 Rg8 77.
Kd2 Kg1 0-1

[Event "International Tournament "]
[Site "Pool "]
[Date "2022.07.09"]
[Round "3.75"]
[White "Anacak, Hasan Gunes"]
[Black "Papaioannou, Dimitrios"]
[Result "1/2-1/2"]
[WhiteElo "1939"]
[BlackElo "2142"]
[Annotator "Balkanchess"]
[PlyCount "66"]
[EventDate "2022.07.08"]

1. e4 c5 2. Na3 b6 3. g3 Bb7 4. Bg2 g6 5. Ne2 Bg7 6. c3 f5 7. d3 Nf6 8. Qc2 O-O
9. O-O Nc6 10. e5 Ne8 11. d4 Ba6 12. Rd1 Rc8 13. Nf4 cxd4 14. Qb3+ Kh8 15. cxd4
Na5 16. Qe3 Nc7 17. Bd2 Ne6 18. Nxe6 dxe6 19. Bxa5 bxa5 20. f4 Qb6 21. Qb3 Qb4
22. Nb1 Rb8 23. Nc3 g5 24. fxg5 Rfd8 25. Qxe6 Bc4 26. Qxf5 Qxb2 27. Na4 Qb4 28.
Nc5 Rxd4 29. Rxd4 Qxc5 30. Qf2 Bxe5 31. Rd8+ Rxd8 32. Qxc5 Bd4+ 33. Qxd4+ Rxd4
{...57} 1/2-1/2

[Event "International Tournament "]
[Site "Pool "]
[Date "2022.07.09"]
[Round "3.76"]
[White "Marjanovic, Rastko"]
[Black "Temizer, Umut"]
[Result "0-1"]
[WhiteElo "2140"]
[BlackElo "1921"]
[PlyCount "58"]
[EventDate "2022.07.08"]

1. e4 c5 2. c3 d5 3. exd5 Qxd5 4. Nf3 g6 5. Na3 Bg7 6. Bc4 Qe4+ 7. Be2 Nf6 8.
O-O O-O 9. Re1 Nc6 10. h3 Qf5 11. Qa4 e5 12. d3 Bd7 13. Qc2 b6 14. Nc4 Nd5 15.
Ng5 Nf4 16. Bg4 Qxg5 17. Bxf4 exf4 18. Bxd7 f3 19. g3 Qd5 20. Bg4 Rae8 21. Ne3
Qd6 22. Bxf3 Ne5 23. Be4 f5 24. Bd5+ Kh8 25. f4 Nd7 26. Bg2 Re6 27. Nc4 Qe7 28.
Qf2 Re8 29. d4 Rxe1+ 0-1

[Event "International Tournament "]
[Site "Pool "]
[Date "2022.07.09"]
[Round "3.77"]
[White "Nikulina, Alena"]
[Black "Phatak, Aanjaneya"]
[Result "1-0"]
[WhiteElo "1923"]
[BlackElo "2128"]
[PlyCount "75"]
[EventDate "2022.07.08"]

1. e4 c5 2. Nf3 d6 3. c3 Nf6 4. h3 Bd7 5. Bd3 Bc6 6. Qe2 Nbd7 7. Bc2 g6 8. O-O
Bg7 9. d4 cxd4 10. cxd4 d5 11. e5 Ne4 12. Bxe4 dxe4 13. Ng5 Qb6 14. Rd1 f5 15.
Qc4 O-O-O 16. Nf7 Kb8 17. Nxh8 Bxh8 18. Nc3 Rc8 19. Bf4 g5 20. Bxg5 e3 21. Bxe7
exf2+ 22. Kh2 Qxb2 23. Bd6+ Ka8 24. Nd5 b5 25. Nc7+ Rxc7 26. Qg8+ Kb7 27. Bxc7
Kxc7 28. Rac1 Nxe5 29. dxe5 Qxe5+ 30. Kh1 Qe4 31. Qxh7+ Kb6 32. Rxc6+ Kxc6 33.
Qd7+ Kb6 34. Qd8+ Kc6 35. Rc1+ Kb7 36. Qc7+ Ka6 37. Rc6+ Qxc6 38. Qxc6+ 1-0

[Event "International Tournament "]
[Site "Pool "]
[Date "2022.07.09"]
[Round "3.78"]
[White "Zhorayev, Almas"]
[Black "Nikolic, Zoran S"]
[Result "1/2-1/2"]
[WhiteElo "1873"]
[BlackElo "2107"]
[PlyCount "141"]
[EventDate "2022.07.08"]

1. e4 e5 2. Nf3 Nc6 3. Nc3 Nf6 4. Bb5 Bb4 5. O-O O-O 6. Bxc6 dxc6 7. d3 Nd7 8.
Ne2 Bd6 9. Ng3 Nc5 10. Be3 Ne6 11. c3 c5 12. Qc2 g6 13. Bh6 Re8 14. Qd2 f6 15.
Be3 b6 16. h3 Bb7 17. Rad1 Qe7 18. Rfe1 Qf7 19. Nf1 f5 20. Bh6 fxe4 21. dxe4
Nf4 22. N1h2 Bc6 23. Bxf4 exf4 24. Ng4 Qf8 25. e5 Be7 26. e6 Bxf3 27. gxf3 Bd6
28. Qd5 Qg7 29. Qg5 Kf8 30. Nh6 Qe7 31. Qg4 Qf6 32. Nf7 h5 33. Qg5 Qxg5+ 34.
Nxg5 Ke7 35. Re4 Kf6 36. Nf7 Rxe6 37. Nxd6 cxd6 38. Rxf4+ Ke7 39. Re4 Kd7 40.
Rxe6 Kxe6 41. Kg2 Rf8 42. h4 Rf5 43. Kg3 Re5 44. Rd2 d5 45. f4 Re1 46. Rd3 c4
47. Rd2 Re4 48. Kf3 b5 49. Rd1 Kd6 50. Rg1 Re6 51. f5 gxf5 52. Rg5 Ke5 53. Rxh5
d4 54. cxd4+ Kxd4 55. Rxf5 b4 56. Rb5 a5 57. Rxa5 c3 58. bxc3+ bxc3 59. Ra8 Rc6
60. Rd8+ Ke5 61. Rd1 c2 62. Rc1 Kd4 63. Kg4 Kd3 64. h5 Kd2 65. Rxc2+ Kxc2 66.
Kg5 Kd3 67. h6 Ke4 68. h7 Rc8 69. Kg6 Kf4 70. Kg7 Rc7+ 71. Kg6 1/2-1/2

[Event "International Tournament "]
[Site "Pool "]
[Date "2022.07.09"]
[Round "3.79"]
[White "Radosavljevic, Slobodan D"]
[Black "Nikolakis, Panagiotis Marios"]
[Result "1/2-1/2"]
[WhiteElo "2102"]
[BlackElo "1905"]
[Annotator "Balkanchess"]
[PlyCount "24"]
[EventDate "2022.07.08"]

1. Nf3 Nf6 2. g3 d5 3. Bg2 c5 4. c4 e6 5. O-O Nc6 6. cxd5 exd5 7. d4 Bg4 8. Ne5
Bf5 9. Nxc6 bxc6 10. Nc3 cxd4 11. Qxd4 Be7 12. Bf4 O-O {...86} 1/2-1/2

[Event "International Tournament "]
[Site "Pool "]
[Date "2022.07.09"]
[Round "3.80"]
[White "Munkhzul, Davaakhuu"]
[Black "Teo, Hong Ming"]
[Result "1-0"]
[WhiteElo "2095"]
[BlackElo "1898"]
[PlyCount "89"]
[EventDate "2022.07.08"]

1. e4 c5 2. Nf3 d6 3. d4 cxd4 4. Nxd4 Nf6 5. Nc3 Nc6 6. Bg5 e6 7. Qd2 a6 8.
O-O-O Bd7 9. f4 Be7 10. Nf3 b5 11. Bxf6 gxf6 12. f5 Qb6 13. fxe6 fxe6 14. g3
O-O-O 15. Bh3 Kb8 16. Ne2 Ne5 17. Nfd4 Nc4 18. Qd3 f5 19. exf5 e5 20. Ne6 Bxe6
21. fxe6 d5 22. Kb1 b4 23. Rhe1 a5 24. Qb3 Qc6 25. Nc3 Nb6 26. Ne2 a4 27. Qe3
Nc4 28. Qh6 a3 29. b3 Nb2 30. Rc1 Rdg8 31. Qd2 d4 32. Ng1 Bg5 33. Qxb4+ Qb7 34.
Qd6+ Qc7 35. Qxa3 Bxc1 36. Rxc1 Nc4 37. bxc4 Qxc4 38. Qb3+ Qxb3+ 39. axb3 Kc7
40. Re1 h5 41. Nf3 Kd6 42. Nxe5 Rh7 43. Nf3 Kd5 44. Bg2 Kc5 45. Nh4 1-0